| 000 | 00551nam a2200181 i 4500 | ||
|---|---|---|---|
| 001 | 68002 | ||
| 003 | ES-MaACL | ||
| 005 | 20230906170203.0 | ||
| 007 | t| | ||
| 008 | 040217s1931 sp ||||1| spa d | ||
| 100 | 1 |
_aGandhi, Mahatma. _953835 |
|
| 245 | 1 | 0 |
_aSu propia historia / _cMahatma Gandhi ; transcrita por F.C. Andrews ; traducción de Adolfo Jordá. |
| 260 |
_aBarcelona : _b[s.n., _c1931] ( _fAtenas, A.G) |
||
| 300 |
_a366 p. ; _c22 cm. |
||
| 700 | 1 |
_aAndrews, F. C. _921662 |
|
| 700 | 1 |
_aJordá, Adolfo. _966893 |
|
| 852 |
_aES-MaACL _jA-358 |
||
| 999 |
_c68002 _d68002 |
||